000 00670nam a2200193Ia 4500
003 GCL
005 20240530110900.0
008 140319s2009 ua k 000 0 ara d
040 _aGCL /
_cGCL
082 0 4 _a303.62/
_bش ث
100 0 _aشحاتة صيام
245 1 0 _aثقافة الاحتجاج من الصمت الى العصيان /
_cشحاتة صيام
260 _aالقاهرة :
_bمصر العربية للنشر والتوزيع،
_c2009.
300 _a351 ص ؛
_c24 سم +
_eملاحق.
650 0 7 _aالاحتجاج
_2qrmak
650 0 7 _aالضبط الاجتماعى
_2qrmak
650 0 7 _aالصراع الاجتماعى
_2qrmak
942 _2ddc
_cBK
999 _c66107
_d66107